000 00962cam a2200277 a 4500
001 68460
003 BD-RjUL
005 20211209081757.0
008 090619s2009 enkab b 001 0 eng
020 _a9780470714584 (cloth)
035 _a(BD-RjUL)68670
040 _aDLC
_cDLC
_dYDX
_dUKM
_dYDXCP
_dBWX
_dCDX
_dGBVCP
_dHEBIS
_dOKU
_dDEBBG
_dDLC
_dBD-RjUL
_beng
041 1 _aeng
082 0 0 _a621.3825
_223
_bMAS 2009
100 1 _aMaral, Gérard.
_9202943
245 1 0 _aSatellite communications systems :
_bsystems, techniques and technology /
_cGérard Maral and Michel Bousquet.
250 _a5th ed.
260 _a U.K. :
_bJohn Wiley,
_cc2009.
300 _axxvii, 713 p. :
_bill. ;
_c26 cm.
500 _aTranslated from French.
504 _aIncludes bibliographical references and index.
650 0 _aArtificial satellites in telecommunication
_9117364
700 1 _aBousquet, Michel.
_9202944
700 1 _aSun, Zhili,
_cProf.
_9202945
942 _2ddc
_cBK
999 _c68460
_d68460